| 000 | 00000nam##2200000za#4500 |
| 001 | 9.590274 |
| 003 | CaOODSP |
| 005 | 20210624200040 |
| 007 | cr ||||||||||| |
| 008 | 150406|2009||||xxc|||||o f|0| 0 fre|d |
| 022 | |a1701-1280 |
| 040 | |aCaOODSP|bfre |
| 041 | |aeng |
| 041 | |afre |
| 043 | |an-cn--- |
| 086 | 1 |aFs70-4/2009-005-PDF |
| 110 | 1 |aCanada. |bMinistère des pêches et des océans. |
| 245 | 10|aComité national d'examen par des pairs sur les mammifères marins – réunion annuelle : |h[ressource électronique]|bDu 17 au 20 novembre 2008, Vancouver Island Conference Centre, 101, Gordon Street, Nanaimo, Colombie-Britannique / |cPrésident de la réunion : Don Bowen; Éditrice : Christine Abraham. |
| 260 | |aOttawa - Ontario : |bPêches et Océans Canada |cJuin 2009. |
| 300 | |a51p. |
| 490 | 1 |aSecrétariat canadien de consultation scientifique, série des comptes rendus|x1701-1280|v2009/005 |
| 590 | |a14-19-Supp|b2014-11-03 |
| 791 | |tNational Marine Mammal Peer Review Committee – annual meeting : |eeng|w(CaOODSP)9.590273 |
| 830 | #0|aCompte rendu (Secrétariat canadien de consultation scientifique)|x1701-1280|v2009/005|w(CaOODSP)9.500508 |
| 856 | 40|ahttp://publications.gc.ca|qPDF|s248 Ko|uhttps://publications.gc.ca/collections/collection_2014/mpo-dfo/Fs70-4-2009-005.pdf|y2009/005 |